[Event "IECG CP.2000.P.00058"]
[Site "IECG email"]
[Date "2000.10.01"]
[Round "?"]
[White "Shutov, Andry"]
[Black "Traillou, Pierre"]
[Result "1/2-1/2"]
[WhiteElo "1510"]
[BlackElo "1900"]
[PlyCount "40"]
[EventDate "2000.10.01"]
[EventType "tourn (corr)"]
[EventRounds "6"]
[EventCountry "BEL"]
[SourceTitle "Corr 2008"]
[Source "ChessBase"]
[SourceDate "2008.06.24"]
[SourceVersion "1"]
[SourceVersionDate "2008.06.24"]
[SourceQuality "1"]

1. e4 c5 2. c3 d5 3. exd5 Qxd5 4. d4 Nc6 5. dxc5 Qxc5 6. Be3 Qa5 7. Na3 e5 8. Nc4 Qc7 9. Qa4 Be6 10. Nf3 0-0-0 11. Ncd2 Nf6 12. Ng5 Bd5 13. c4 Nd4 14. Bxd4 Bc6 15. Qxa7 exd4 16. 0-0-0 Bb4 17. Bd3 g6 18. f3 Rhe8 19. Nh3 Nd7 20. Nb3 Nb6 1/2-1/2